000 00410nam a2200169Ia 4500
001 9677
008 140327s9999 xx 000 0 und d
020 _a0-87967-885-2
040 _cPK-LaUMT
082 _aR 150.3
_bPET-E
100 _aPettitjohn, Terry F.
245 4 _aThe encyclopedic dictionary of Psychology
_cPettitjohn, Terry F.
260 _c1991
300 _a298 p.
546 _aEN
942 _cBK
999 _c10772
_d10772